000 00604nam a22002417a 4500
003 UA-OsUOA
001 98514
007 ta
008 20130415b un ||||| |||| 00| 0 ukr d
100 _aБілкун М.
090 _a821.161.2
_bБ67
942 _cBK
040 _aUA-OsUOA
_bukr
_cUA-OsUOA
_dUA-OsUOA
245 _aВибрані твори
300 _a509 с.
955 _a3
041 _aukr
080 _a821.161.2
020 _a5-308-00074-3
260 _aК.
_bДніпро
_c1988
650 7 _a82 Література. Літературознавство
_2UDC
999 _c384431
_d384431